|
|
|
|
| LEADER |
01000nam a2200265 a 4500 |
| 001 |
1423 |
| 003 |
BD-DhAAL |
| 005 |
20151004101404.0 |
| 008 |
151004s1995 nyua 001 0 eng |
| 010 |
|
|
|a 94022659
|
| 020 |
|
|
|a 0070490171
|
| 020 |
|
|
|a 0070488940 (acidfree paper)
|
| 040 |
|
|
|a DLC
|c DLC
|d DLC
|d BD-DhAAL
|
| 050 |
0 |
0 |
|a JK274
|b .P36 1995
|
| 082 |
0 |
0 |
|a 320.473
|2 21
|
| 100 |
1 |
|
|a Patterson, Thomas E.
|9 8135
|
| 245 |
1 |
0 |
|a We the people :
|b a concise introduction to American politics /
|c Thomas E. Patterson.
|
| 260 |
|
|
|a New York :
|b McGraw-Hill,
|c c1995.
|
| 300 |
|
|
|a 1 v. (various pagings) :
|b ill. ;
|c 23 cm.
|
| 504 |
|
|
|a Includes bibliographical references (p. A-42-A78) and index.
|
| 541 |
|
|
|e 1423
|
| 651 |
|
0 |
|a United States
|x Politics and government.
|9 15093
|
| 942 |
|
|
|2 ddc
|c BK
|
| 999 |
|
|
|c 35676
|d 35676
|
| 952 |
|
|
|0 0
|1 0
|2 ddc
|4 0
|6 320_473000000000000_PAT
|7 0
|9 56101
|a SCL
|b SCL
|c GEN
|d 2015-10-04
|e Gift: The Asia Foundation
|l 1
|o 320.473 PAT
|p 3020001423
|r 2026-05-05
|s 2026-05-02
|t 1
|w 2015-10-04
|y BK
|